000 00455nam a2200181Ia 4500
005 20250423101113.0
008 250422s9999 xx 000 0 und d
020 _a9788120307131
050 _aTK 6397 .W57/
100 _aViswanathan, Thiagarajan
245 0 _aTelecommunication switching systems and networks
260 _aNew Delhi
260 _bPHI Learning Private Limited
260 _c1992
300 _a583 p
650 _aEE
942 _cBK
999 _c35299
_d35299